La obra maestra desconocida (Record no. 70829)

MARC details
000 -LEADER
campo de control de longitud fija 00730nmm a2200265Ia 4500
008 - DATOS DE LONGITUD FIJA--INFORMACIÓN GENERAL
campo de control de longitud fija 251105s9999||||xx |||||||||||||||||und||
020 ## - NÚMERO INTERNACIONAL ESTÁNDAR DEL LIBRO
Número Internacional Estándar del Libro 9788475220000
041 ## - CÓDIGO DE IDIOMA
Código de lengua del texto/banda sonora o título independiente spa
100 ## - ENTRADA PRINCIPAL--NOMBRE DE PERSONA
Nombre de persona Rudin, Ingalil
245 #0 - MENCIÓN DEL TÍTULO
Título La obra maestra desconocida
264 ## - PRODUCCIÓN, PUBLICACIÓN, DISTRIBUCIÓN, FABRICACIÓN Y COPYRIGHT
Producción, publicación, distribución, fabricación y copyright [Madrid, España] :
Nombre del de productor, editor, distribuidor, fabricante Visor Libros,
Fecha de producción, publicación, distribución, fabricación o copyright 2007
300 ## - DESCRIPCIÓN FÍSICA
Extensión 102 páginas
490 ## - MENCIÓN DE SERIE
Mención de serie Discurso artístico
650 ## - PUNTO DE ACCESO ADICIONAL DE MATERIA--TÉRMINO DE MATERIA
Término de materia o nombre geográfico como elemento de entrada French narrative
700 ## - ENTRADA AGREGADA--NOMBRE PERSONAL
Nombre de persona Rudin, Ingalil
700 1# - ENTRADA AGREGADA--NOMBRE PERSONAL
Nombre de persona Rudin, Ingalil
700 1# - ENTRADA AGREGADA--NOMBRE PERSONAL
Nombre de persona Rudin, Ingalil
700 1# - ENTRADA AGREGADA--NOMBRE PERSONAL
Nombre de persona Iribas, Ana
700 1# - ENTRADA AGREGADA--NOMBRE PERSONAL
Nombre de persona Iribas, Ana
700 1# - ENTRADA AGREGADA--NOMBRE PERSONAL
Nombre de persona Iribas, Ana
700 1# - ENTRADA AGREGADA--NOMBRE PERSONAL
Nombre de persona Balzac, Honoré
700 1# - ENTRADA AGREGADA--NOMBRE PERSONAL
Nombre de persona Calvo Serraller, Francisco
856 ## - LOCALIZACIÓN Y ACCESO ELECTRÓNICOS
Identificador Uniforme de Recursos <a href="https://public.digitaliapublishing.com/a/37159">https://public.digitaliapublishing.com/a/37159</a>
942 ## - ELEMENTOS DE ENTRADA SECUNDARIOS (KOHA)
Tipo de ítem Koha Libro Digital

No items available.

Powered by Koha